Schaum'S Outline Elements Of Statistics 1: Descriptive Statistics And Probability/ (Record no. 175958)

MARC details
000 -LEADER
fixed length control field 00742nam a22002057a 4500
005 - DATE AND TIME OF LATEST TRANSACTION
control field 20201015120627.0
010 ## - LCCN (DPL NO)
LC control number ENG-128534
020 ## - INTERNATIONAL STANDARD BOOK NUMBER
Terms of availability 725.00
International Standard Book Number 9789389538953
035 ## - SYSTEM CONTROL NUMBER
System control number EN-112066
037 ## - SOURCE OF ACQUISITION
Source of stock number/acquisition DBAD/PUB
082 ## - DEWEY DECIMAL CLASSIFICATION NUMBER
Classification number 519.5076
100 ## - MAIN ENTRY--PERSONAL NAME
Personal name Bernstein, Stephen
245 ## - TITLE STATEMENT
Title Schaum'S Outline Elements Of Statistics 1: Descriptive Statistics And Probability/
Statement of responsibility, etc By Stephen Bernstein, Ruth Bernstein
260 ## - PUBLICATION, DISTRIBUTION, ETC. (IMPRINT)
Place of publication, distribution, etc Chennai
Name of publisher, distributor, etc Mc Graw Hill Education
Date of publication, distribution, etc 2020
270 ## - ADDRESS
Address 444/1 Sri Ekambara Naicker Industrial Estate, Alapakkam, Porur
City Chennai
Postal code 600116
300 ## - PHYSICAL DESCRIPTION
Extent vii,354p.
Dimensions 28cm(pbk)
Other physical details Tables and Graphs
500 ## - GENERAL NOTE
General note Includes Index and Appendix
700 ## - ADDED ENTRY--PERSONAL NAME
Personal name Bernstein, Ruth
942 ## - ADDED ENTRY ELEMENTS (KOHA)
Source of classification or shelving scheme Dewey Decimal Classification
Item type English Books
Classification part 519.5076
Call number suffix BER
Holdings
Withdrawn status Lost status Not for loan Collection code Home library Current library Date acquired Source of acquisition Cost, normal purchase price Full call number Barcode Cost, replacement price Koha item type
      Non-fiction Central Library Central Library 15/10/2020 DBAD/PUB 725.00 519.5076 BER EN-112066 725.00 English Books

© Delhi Public Library
Hit Counter
free hit counter